| 000 | 00606cam a22001934a 4500 | ||
|---|---|---|---|
| 005 | 20250605164121.0 | ||
| 008 | 250528s ||||||||||||||||||||||||d | ||
| 035 | _a18257 | ||
| 020 | _a140008233 | ||
| 040 |
_aGR-AtMCL _bgre _dGR-AtMCL _eAACR2 |
||
| 245 | 1 | _aThe Loved One / An Anglo-American Tragedy | |
| 260 |
_bPenguin Books, _c1987 |
||
| 300 | _a128 | ||
| 520 | _aThis book is as Ludicrous as Decline and Fall, as incisively shocking as Vile Bodies, and - underneath the laughs - as moving as death itself. | ||
| 700 | 1 |
_aWaugh Evelyn _94537 |
|
| 942 | _cBK | ||
| 999 |
_c3629 _d3629 |
||